Johnny appleseed / (Record no. 5125)
[ view plain ]
| 000 -LEADER | |
|---|---|
| fixed length control field | 00992nam a22003017a 4500 |
| 001 - CONTROL NUMBER | |
| control field | 5125 |
| 003 - CONTROL NUMBER IDENTIFIER | |
| control field | FISKH |
| 005 - DATE AND TIME OF LATEST TRANSACTION | |
| control field | 20250602094932.0 |
| 008 - FIXED-LENGTH DATA ELEMENTS--GENERAL INFORMATION | |
| fixed length control field | 241107b cb ||||| |||| 00| 0 eng d |
| 020 ## - INTERNATIONAL STANDARD BOOK NUMBER | |
| International Standard Book Number | 9780545109444 |
| 040 ## - CATALOGING SOURCE | |
| Original cataloging agency | FISKH |
| Language of cataloging | eng |
| Transcribing agency | FISKH |
| Modifying agency | FISKH |
| 050 ## - LIBRARY OF CONGRESS CALL NUMBER | |
| Classification number | SB63.C46 |
| 082 ## - DEWEY DECIMAL CLASSIFICATION NUMBER | |
| Classification number | 634.11092 |
| 100 ## - MAIN ENTRY--PERSONAL NAME | |
| Personal name | Kurtz, Jane |
| Dates associated with a name | (1952-) |
| 245 ## - TITLE STATEMENT | |
| Title | Johnny appleseed / |
| Statement of responsibility, etc. | By Jane Kurtz Illustrated by Mary Haverfield |
| 250 ## - EDITION STATEMENT | |
| Edition statement | First printing in 2008 |
| 260 ## - PUBLICATION, DISTRIBUTION, ETC. | |
| Place of publication, distribution, etc. | New York : |
| Name of publisher, distributor, etc. | Scholastic, |
| Date of publication, distribution, etc. | 2008. |
| 300 ## - PHYSICAL DESCRIPTION | |
| Extent | 32 pages : |
| Other physical details | color illustrations ; |
| Dimensions | 23 cm |
| 505 ## - FORMATTED CONTENTS NOTE | |
| Formatted contents note | J<br/> |
| 520 ## - SUMMARY, ETC. | |
| Summary, etc. | Who's that walking along the Ohio? It's Johnny Appleseed! He walks across the land, planting trees wherever he goes. So, everyone, clap your hands for Johnny Appleseed! |
| 521 8# - TARGET AUDIENCE NOTE | |
| Target audience note | 430<br/><br/> |
| Source | Lexile<br/> |
| 521 8# - TARGET AUDIENCE NOTE | |
| Target audience note | J<br/> |
| Source | Raz-Plus<br/> |
| 650 ## - SUBJECT ADDED ENTRY--TOPICAL TERM | |
| Source of heading or term | Apples |
| Topical term or geographic name entry element | Fall |
| Form subdivision | Autumn |
| 650 ## - SUBJECT ADDED ENTRY--TOPICAL TERM | |
| Source of heading or term | Biography |
| Topical term or geographic name entry element | History. |
| 700 ## - ADDED ENTRY--PERSONAL NAME | |
| Personal name | Haverfield, Mary |
| Dates associated with a name | Illustrator |
| 942 ## - ADDED ENTRY ELEMENTS (KOHA) | |
| Source of classification or shelving scheme | Dewey Decimal Classification |
| Koha item type | Books |
| Suppress in OPAC | No |
| Withdrawn status | Lost status | Source of classification or shelving scheme | Damaged status | Not for loan | Collection | Home library | Current library | Shelving location | Date acquired | Total Checkouts | Full call number | Barcode | Date last seen | Copy number | Price effective from | Koha item type |
|---|---|---|---|---|---|---|---|---|---|---|---|---|---|---|---|---|
| Dewey Decimal Classification | Juvenile Fiction | Footprints International School Library Network Toul Kork Campus | Footprints International School Library Network Toul Kork Campus | TK Primary Library Room(4th Floor), Bookcase 1&2, Shelves 1-16, Dark Blue Books | 11/07/2024 | KUR 634.11092 SB63.C46 | 2024-2299 | 11/07/2024 | 1 | 11/07/2024 | Books | |||||
| Dewey Decimal Classification | Juvenile Fiction | Footprints International School Library Network Toul Kork Campus | Footprints International School Library Network Toul Kork Campus | TK Primary Library Room(4th Floor), Bookcase 1&2, Shelves 1-16, Dark Blue Books | 06/02/2025 | KUR 634.11092 SB63.C46 | FISBK02559 | 06/02/2025 | 2 | 06/02/2025 | Books |
